00535nai a2200157Ia 4500003000900000008004100009022002200050022002300072040001600095245003900111260003400150310001400184362002600198521006900224856008400293IN-BaIIA211028c9999 xx s 000 0 eng d a0149-6085 (Print) a1745-4565 (Online) cIIA Library 0aJournal of Food Safetyh[eJournal] aNew JerseybJohn Wiley & Sons aBimonthly a16(4); 1997 - Present bSubscribed through National Knowledge Resource Consortium (NKRC) uhttps://onlinelibrary.wiley.com/journal/17454565yClick Here to Access eJournal